आमेन : (Record no. 59162)

MARC details
000 -LEADER
fixed length control field 01182nam a22002417a 4500
005 - DATE AND TIME OF LATEST TRANSACTION
control field 20111207162222.0
008 - FIXED-LENGTH DATA ELEMENTS--GENERAL INFORMATION
fixed length control field 111207t xxu||||| |||| 00| 0 mar d
010 ## - LCCN (DPL NO)
LC control number MAR-21734
020 ## - INTERNATIONAL STANDARD BOOK NUMBER
International Standard Book Number 9788184983029
Terms of availability 180.00
035 ## - SYSTEM CONTROL NUMBER
System control number MR-14392
037 ## - SOURCE OF ACQUISITION
Source of stock number/acquisition DBAD/PUB
040 ## - CATALOGING SOURCE
Original cataloging agency DPL
Language of cataloging MR
082 ## - DEWEY DECIMAL CLASSIFICATION NUMBER
Classification number 921
100 ## - MAIN ENTRY--PERSONAL NAME
Personal name जेस्मी
9 (RLIN) 36528
245 ## - TITLE STATEMENT
Title आमेन :
Statement of responsibility, etc जेस्मी ; सुनंदा अमरापुरकर द्वारा अनुवादित
Remainder of title द ऑटोबायोग्राफी ऑफ अ नन /
246 ## - VARYING FORM OF TITLE
Title proper/short title Amen : The Autobiography of a Nun
Remainder of title by Jesme
260 ## - PUBLICATION, DISTRIBUTION, ETC. (IMPRINT)
Place of publication, distribution, etc पुणे
Name of publisher, distributor, etc मेहता पब्लिशिंग हाऊस
Date of publication, distribution, etc 2011
270 ## - ADDRESS
Address 1941,सदाशिव पेठ,माडीवाले कॉलनी,
City पुणे
Postal code 411030
300 ## - PHYSICAL DESCRIPTION
Extent सात,160पृ.
Dimensions 22 सेमी(अजिल्द)
700 ## - ADDED ENTRY--PERSONAL NAME
Personal name अमरापुरकर,सुनंदा
9 (RLIN) 36531
942 ## - ADDED ENTRY ELEMENTS (KOHA)
Source of classification or shelving scheme Dewey Decimal Classification
Item type Marathi Books
Classification part 921
Call number suffix जेस्मीआ
Holdings
Withdrawn status Lost status Source of classification or shelving scheme Damaged status Not for loan Collection code Home library Current library Date acquired Source of acquisition Cost, normal purchase price Total Checkouts Full call number Barcode Date last seen Copy number Cost, replacement price Koha item type
    Dewey Decimal Classification   Not For Loan Non-fiction D.B.Act.Division D.B.Act.Division 08/12/2011 DBAD/PUB 180.00   921 जेस्मीआ MR-14392 08/12/2011 1 180.00 Marathi Books

© Delhi Public Library
Hit Counter
free hit counter